Представление документа в формате RUSMARC

ПолеНазваниеЗначение
  Тип записи a
  Библиографический уровень m
001 Контрольный номер RU/SLIB/B/208771378
005 Дата корректировки 20201206204303.6
010 Индекс ISBN __
d Цена 2-50
101 Язык документа __
a Язык текста rus
200 Заглавие и сведения об ответственности __
a Заглавие Россия, кровью умытая
f Первые сведения об ответственности А. Веселый ; послесл. З. А. Веселой
b Общее обозначение материала Текст
210 Выходные данные __
a Место издания М.
c Издательство Современник
d Дата издания 1977
215 Физическое описание __
a Объем 509 с., 1 л. портр.
606 Тематические рубрики __
a Основная рубрика Художественная литература
z Хронологическая подрубрика 20 в.
y Географическая подрубрика Россия
606 Тематические рубрики __
a Основная рубрика Русская литература XX в. (произведения)
610 Ключевые слова __
a Ключевые слова романы; прозаики; писатели
686 Индексы других классификаций __
a Классификационный индекс 84(2Рос=Рус)6-4
700 Автор __
a Фамилия Веселый
b Имя А.
4 Код отношения 070
702 Вторичная интеллектуальная ответственность _1
a Фамилия Веселая
b Имя З. А.
4 Код отношения Автор предисловия и т.д.
4 Код отношения 080
801 Источник записи _0
a Страна RU
b Организация Муниципальное бюджетное учреждение культуры "Централизованная библиотечная система" г. Сургут (Центральная городская библиотека им. А. С. Пушкина)
g Правила каталогизации КиК/Михайлова
801 Источник записи _1
a Страна RU
b Организация Муниципальное бюджетное учреждение культуры "Централизованная библиотечная система" г. Сургут (Центральная городская библиотека им. А. С. Пушкина)
g Правила каталогизации КиК/Михайлова
852 Данные о местонахождении __
j Шифр хранения 84(2Рос=Рус)6-4
i Авторский знак В 38
p Инвентарный номер 91666(с)
901 Тип документа __
t Тип документа m
990 Данные о заказе (DOS) __
j Количество экземпляров (DOS) 2
t N записи в КСУ для И/У (DOS) ретро